| 000 | 00357nam a22001457a 4500 | ||
|---|---|---|---|
| 005 | 20190123121645.0 | ||
| 008 | 161215b xxu||||| |||| 00| 0 eng d | ||
| 020 | _a9-789351-763567 | ||
| 041 | _aeng | ||
| 100 |
_aKarhana,Pushpendra Kumar _93678 |
||
| 245 | _a Master guide Agriculture Science | ||
| 300 | _a666 | ||
| 650 |
_aAgriculture _92837 |
||
| 942 | _cBK | ||
| 999 |
_c5319 _d5317 |
||